书目信息 |
| 题名: |
简明园林工程手册
|
|
| 作者: | 马鹏宇 主编 | |
| 分册: | ||
| 出版信息: | 北京 机械工业出版社 2021 |
|
| 页数: | 12, 594页 | |
| 开本: | 26cm | |
| 丛书名: | ||
| 单 册: | ||
| 中图分类: | TU986.3 | |
| 科图分类: | ||
| 主题词: | 园林--yuan lin--工程施工--技术手册 | |
| 电子资源: | ||
| ISBN: | 978-7-111-68634-7 | |
| 000 | 01385nam0 2200265 450 | |
| 001 | 011025150711 | |
| 005 | 20221025150711.0 | |
| 010 | @a978-7-111-68634-7@b精装@dCNY128.00 | |
| 100 | @a20201004d2021 em y0chiy50 ea | |
| 101 | 0 | @achi |
| 102 | @aCN@b110000 | |
| 105 | @aa az 000yy | |
| 106 | @ar | |
| 200 | 1 | @a简明园林工程手册@Ajian ming yuan lin gong cheng shou ce@f马鹏宇主编 |
| 210 | @a北京@c机械工业出版社@d2021 | |
| 215 | @a12, 594页@c图@d26cm | |
| 300 | @a简明现代建筑工程手册系列 | |
| 320 | @a有书目(第593-594页) | |
| 330 | @a本书共分园林工程设计、园林工程施工、园林工程材料及园林绿植养护四篇,其中园林工程设计篇又包括园林工程简介,园林景观设计方案表达,园林植物景观设计,园林建筑小品设计,园林水景景观设计,假山、置石、塑石景观设计及园林园路景观设计;园林工程施工篇包括园林土方工程施工,园林苗圃育苗,园林绿化施工,园林置石、假山及塑山施工,园林水景工程施工,园林园路施工及园林绿化施工流程模板;园林工程材料篇包括园林工程材料简介,砖、砌块及板类材料,石材及建筑玻璃,石灰与石膏,水泥、砂浆及混凝土,金属材料,木材及防水类材料;园林绿植养护篇包括园林植物的修剪和整形,园林植物的调整修补,园林植物病虫害及其特征,园林植物施肥及灌水,园林植物养护月历。 | |
| 606 | 0 | @a园林@Ayuan lin@x工程施工@j技术手册 |
| 690 | @aTU986.3@v5 | |
| 696 | @aTU986.3-62@v5 | |
| 701 | 0 | @a马鹏宇@Ama peng yu@4主编 |
| 801 | 0 | @aCN@c20221025 |
| 905 | @a河南城建学院图书馆@dTU986.3@eM129 | |
| 简明园林工程手册/马鹏宇主编.-北京:机械工业出版社,2021 |
| 12, 594页:图;26cm |
| 简明现代建筑工程手册系列 |
| ISBN 978-7-111-68634-7(精装):CNY128.00 |
| 本书共分园林工程设计、园林工程施工、园林工程材料及园林绿植养护四篇,其中园林工程设计篇又包括园林工程简介,园林景观设计方案表达,园林植物景观设计,园林建筑小品设计,园林水景景观设计,假山、置石、塑石景观设计及园林园路景观设计;园林工程施工篇包括园林土方工程施工,园林苗圃育苗,园林绿化施工,园林置石、假山及塑山施工,园林水景工程施工,园林园路施工及园林绿化施工流程模板;园林工程材料篇包括园林工程材料简介,砖、砌块及板类材料,石材及建筑玻璃,石灰与石膏,水泥、砂浆及混凝土,金属材料,木材及防水类材料;园林绿植养护篇包括园林植物的修剪和整形,园林植物的调整修补,园林植物病虫害及其特征,园林植物施肥及灌水,园林植物养护月历。 |
| ● |
| 相关链接 |
|
|
|
正题名:简明园林工程手册
索取号:TU986.3/M129
 
预约/预借
| 序号 | 登录号 | 条形码 | 馆藏地/架位号 | 状态 | 备注 |
| 1 | 1585137 | 215851371 | 建筑库201/201建筑库 115排1列4层/ [索取号:TU986.3/M129] | 在馆 |